000 01322nam a2200325 a 4500
001 000113095
003 CHAP
005 20220329144338.0
008 170420s2016 mx sm |||||||spa d
010 _a109556
011 _a110528
040 _cCHAP
090 _aTesis
100 1 _aBeaupré, Alexandre
_9131958
245 1 0 _aComunalidad y ecología política:
_h[En línea]
_bresistencia al neoextractivismo minero en La Sierra Sur de Oaxaca , el caso de la comunidad indígena campesina Recibimiento Cuauhtémoc en el Municipio de Santiago Textitlán /
_cpor Alexandre Beaupré.
260 _aChiapas, Méx. :
_bEl autor,
_c2016.
500 _aPara ver el contenido del material haga clic en la liga
502 _aTesis (Ing. Agr. Esp. en ) -- UACH. Dirección de Centros Regionales Universitarios
590 _aBATCH
_b00
_c20181121
_lUCH01
_h0758
590 _aE5765TAJ
_b05
_c20170420
_lUCH01
_h1132
590 _aE5765TAJ
_b05
_c20170420
_lUCH01
_h1133
650 1 4 _aComunidades rurales
_xDesarrollo económico
_zOaxaca.
_9131960
650 1 4 _aEcología
_xAspectos políticos
_zOaxaca.
_9131959
650 1 4 _aMinas y recursos minerales
_xOaxaca.
_975916
856 _a1
_n0000864
856 _aFinding aid
_uhttp://10.13.5.2/tesis/sist113095.pdf
_zTeclea aquí
901 _aBK
942 _cTESIS
942 _n0
999 _c109556
_d109556